Géographie par lettre - R - Statistiques

Statistiques générales
  • Ce quiz a été pris 203 fois
  • Le résultat moyen est 15 sur 20
Statistiques - réponses
Questions Réponses % Correct
Dans quelle ville se situe la cité du Vatican ? Rome
99%
Quel est le plus grand pays du monde ? Russie
97%
Quelle ville brésilienne est célèbre pour ses carnavals ? Rio de Janeiro
96%
Quel fleuve sert de frontière entre la France et l'Allemagne ? Rhin
95%
Quel pays englobe l'Angleterre, l'Ecosse, l'Irlande du Nord et le Pays de Galles ? Royaume-Uni
95%
Quel pays africain est surnommé le "Pays aux mille collines" ? Rwanda
94%
De quel pays serait originaire Dracula ? Roumanie
91%
Quel grand fleuve français se jette en Camargue ? Rhône
89%
Quel DROM français est le plus peuplé ? La Réunion
87%
Quelle est la capitale de la Lettonie ? Riga
82%
Quelle ville accueille le plus grand port d'Europe ? Rotterdam
82%
Quelle ville est la préfecture de l'Ille et Vilaine ? Rennes
77%
Quelle est la préfecture de la Seine-Maritime ? Rouen
76%
Quel pays a Haïti pour unique frontière ? République Dominicaine
75%
Quelle ville de l'agglomération lilloise est souvent considérée comme la plus pauvre de France ? Roubaix
67%
Au nombre de 18, quel est la dénomination des plus grands sous-ensembles administratifs français ? Régions
66%
Quel pays était la plus grande colonie du territoire belge avant 1960 ? République Démocratique du Congo
60%
Quelle est la sous-préfecture la plus peuplée de France ? Reims
57%
Quelle ville était l'ancienne capitale de la Birmanie avant Naypiydaw ? Rangoon
29%
Comme son nom l'indique, quelle ville russe est située sur le Don ? Rostov
27%
Aucun quiz correspondant
Distribution des résultats
% des personnes avec chaque résultat
Percentile par nombre de réponses
Votre historique - résultats
Vous n’avez pas pris ce quiz